<?xml version="1.0" encoding="UTF-8"?>
<record
    xmlns:xsi="http://www.w3.org/2001/XMLSchema-instance"
    xsi:schemaLocation="http://www.loc.gov/MARC21/slim http://www.loc.gov/standards/marcxml/schema/MARC21slim.xsd"
    xmlns="http://www.loc.gov/MARC21/slim">

  <leader>01483nac a22002177a 4500</leader>
  <datafield tag="999" ind1=" " ind2=" ">
    <subfield code="c">7302</subfield>
    <subfield code="d">7302</subfield>
  </datafield>
  <controlfield tag="003">OSt</controlfield>
  <controlfield tag="005">20200904020232.0</controlfield>
  <controlfield tag="008">200904b        sp ||||| |||| 00| 0 cat d</controlfield>
  <datafield tag="040" ind1=" " ind2=" ">
    <subfield code="b">cat</subfield>
    <subfield code="c">CDMR</subfield>
  </datafield>
  <datafield tag="100" ind1=" " ind2=" ">
    <subfield code="9">4642</subfield>
    <subfield code="a">Nadal Gaya, Carlos</subfield>
    <subfield code="d">1924-2010</subfield>
    <subfield code="e">creador</subfield>
  </datafield>
  <datafield tag="245" ind1="1" ind2=" ">
    <subfield code="a">Fons Carlos Nadal Gaya</subfield>
  </datafield>
  <datafield tag="260" ind1=" " ind2=" ">
    <subfield code="c">1941 - 2009 (predomina de 1980 - 2009)</subfield>
  </datafield>
  <datafield tag="300" ind1=" " ind2=" ">
    <subfield code="a">7 unitats d'instal&#xB7;laci&#xF3; de documentaci&#xF3; textual</subfield>
  </datafield>
  <datafield tag="520" ind1=" " ind2=" ">
    <subfield code="a">Obra creativa, tant po&#xE8;tica com narrativa. Documentaci&#xF3; de l'&#xE0;mbit familiar com la recerca sobre les diverses branques de la fam&#xED;lia Nadal, amb els respectius arbres geneal&#xF2;gics duta a terme per Jaime Nadal Aixala. Documentaci&#xF3; sobre la figura d'Eugenio Nadal i Santiago Nadal. Recull de la seva col&#xB7;laboraci&#xF3; a La Vanguardia. Correspond&#xE8;ncia diversa que aplega les felicitacions rebudes arran de la concessi&#xF3; del premi God&#xF3; i un seguit de unitats documentals que recullen la relaci&#xF3; epistolar amb diferents emissors. S&#xE8;rie d'activitat de representaci&#xF3; que inclou tant les entrevistes sobre la seva traject&#xF2;ria vital publicades als mitjans com la participaci&#xF3; en homenatges, presentacions i participaci&#xF3; en diferents esdeveniments</subfield>
  </datafield>
  <datafield tag="524" ind1=" " ind2=" ">
    <subfield code="a">Sant Cugat del Vall&#xE9;s, Arxiu Nacional de Catalunya, Fons Carlos Nadal Gaya</subfield>
  </datafield>
  <datafield tag="600" ind1=" " ind2="4">
    <subfield code="9">4642</subfield>
    <subfield code="a">Nadal Gaya, Carlos</subfield>
    <subfield code="x">arxius</subfield>
  </datafield>
  <datafield tag="600" ind1=" " ind2="4">
    <subfield code="9">4642</subfield>
    <subfield code="a">Nadal Gaya, Carlos</subfield>
    <subfield code="x">Biografia</subfield>
  </datafield>
  <datafield tag="650" ind1=" " ind2="4">
    <subfield code="9">2400</subfield>
    <subfield code="a">Periodistes</subfield>
    <subfield code="x">Arxius</subfield>
    <subfield code="z">Barcelona</subfield>
  </datafield>
  <datafield tag="942" ind1=" " ind2=" ">
    <subfield code="c">MON</subfield>
    <subfield code="2">udc</subfield>
  </datafield>
</record>
